| 000 | 00768nam a22002177a 4500 | ||
|---|---|---|---|
| 999 |
_c20935 _d20935 |
||
| 003 | AR-CdUCM | ||
| 008 | 190408b ||||| |||| 00| 0 spa d | ||
| 040 |
_aMUNICIPALIDAD PROVINCIAL DEL CUSCO _cBIBLIOTECA MUNICIPAL DEL CUSCO |
||
| 082 |
_aEP / 808.831 / _bSO71 |
||
| 100 |
_aSoto Medrano, Rómulo Avenol _943677 |
||
| 245 | _aCuento para niños 1 / | ||
| 260 |
_aAyacucho : _bAmandi, _c1997. |
||
| 300 |
_a88 paginas ; _bIlustraciones, Graficos, Dibujos, _c22 cm. |
||
| 500 | _aCuentos escolares s/c. | ||
| 505 | _aContenido : Aprender a leer y escribir -- Asamblea -- La laguna encantada -- El recuerdo del ausente... | ||
| 650 |
_aCuentos infantiles _93927 |
||
| 650 |
_aLiteratura _983 |
||
| 650 |
_aEducación _9460 |
||
| 942 |
_2ddc _cLIBROS |
||
| 945 | _arcc | ||